000 00684nam a2200205 i 4500
001 149664
003 ES-MaACL
005 20250728182844.0
007 t|
008 071023s1964 sp ||||1| spa d
245 0 0 _aFantasía y realidad
_b: antología literaria vasca /
_cvarios ; presentación y notas biográficas de Bernardo Estornes Lasa.
260 _aSan Sebastián :
_bAuñamendi,
_c[1964]
300 _a203 p. ;
_c14 cm.
490 1 _aAuñamendi ;
_v33
500 _aTexto en castellano y vasco.
700 1 _aEstornés Lasa, Bernardo,
_d1907-1999
_948183
830 0 _aAuñamendi ;
_v33
_9186418
852 _aES-MaACL
_jC-25112
_bR.53965
999 _c149664
_d149664